000 00205 a2200097 4500
001 47568
100 _aFfoulkes
245 _aArms armament
260 _aLondon
_bGeorge G harrap
_c
090 _c30582
_d30582
942 _aNUST-CAE
_cM
_c22872
999 _c282641
_d282641